Safe Storage of Laboratory Chemicals /

Guardat en:
Dades bibliogràfiques
Autor principal: Pipitone, David A. (ed.)
Format: Llibre
Idioma:anglès
Edició:2a edición
Col·lecció:(Wiley Interscience)
Matèries:
Etiquetes: Afegir etiqueta
Sense etiquetes, Sigues el primer a etiquetar aquest registre!

MARC

LEADER 00000nam^a2200000^a^4500
001 000038442
005 20250521000000.0
009 20260310085504.236
020 |a 0-471-51581-7 
037 |a Acervo ITESO - Biblioteca 
041 |a ING 
082 |a 660. 2804  |b PIP 
100 |a Pipitone, David A.  |e (ed.) 
245 1 0 |a Safe Storage of Laboratory Chemicals /  |c Ed. de D.A. Pepitone. 
250 |a 2a edición 
264 |a Nueva York, EUA :  |b Wiley,  |c 1991 
300 |a 297 p. 
336 |a texto  |b txt  |2 rdacontenido 
337 |a sin mediación  |b n  |2 rdamedio 
338 |a volumen  |b nc  |2 rdasoporte 
440 1 |a (Wiley Interscience) 
649 |a XX 
650 |a Química -  |x Laboratorios -  |x Seguridad 
650 |a Industria Química 
650 |a Ingeniería Química 
910 |a Fondo General 
920 |a Impresos - Libros 
930 |a Colección General 
905 |a 101 
901 |a 0384420100  |b IT1  |c ACC  |i 038442  |u 20250521 
902 |a https://opac.biblio.iteso.mx/vufind/Record/000038442